|
|
|
|
| LEADER |
00000caa a2200000 c 4500 |
| 001 |
1631163264 |
| 003 |
DE-627 |
| 005 |
20240802204750.0 |
| 007 |
tu |
| 008 |
130214s1996 xx ||||| 00| ||ger c |
| 035 |
|
|
|a (DE-627)1631163264
|
| 035 |
|
|
|a (DE-576)378742558
|
| 035 |
|
|
|a (DE-599)BSZ378742558
|
| 040 |
|
|
|a DE-627
|b ger
|c DE-627
|e rakwb
|
| 041 |
|
|
|a ger
|
| 100 |
1 |
|
|a Schneider, Hans Joachim
|d 1928-2015
|0 (DE-588)120744996
|0 (DE-627)080863922
|0 (DE-576)162947801
|4 aut
|
| 109 |
|
|
|a Schneider, Hans Joachim 1928-2015
|a Šnajder, Gans Joachim 1928-2015
|a Schneider, Hans J. 1928-2015
|a Schneider, Joachim 1928-2015
|a Schneider, Hans-J. 1928-2015
|a Snajder, Gans Joachim 1928-2015
|
| 245 |
1 |
0 |
|a Ursachen der Kriminalität
|b neue Entwicklungen in der internationalen kriminologischen Theoriediskussion - 1.Teil
|c Hans Joachim Schneider
|
| 264 |
|
1 |
|c 1996
|
| 336 |
|
|
|a Text
|b txt
|2 rdacontent
|
| 337 |
|
|
|a ohne Hilfsmittel zu benutzen
|b n
|2 rdamedia
|
| 338 |
|
|
|a Band
|b nc
|2 rdacarrier
|
| 773 |
0 |
8 |
|i In
|t Jura
|d Berlin : de Gruyter, 1979
|g 18(1996), 7, Seite 337-344
|w (DE-627)129893536
|w (DE-600)304057-4
|w (DE-576)015211681
|x 0170-1452
|7 nnas
|
| 773 |
1 |
8 |
|g volume:18
|g year:1996
|g number:7
|g pages:337-344
|
| 889 |
|
|
|w (DE-576)455966095
|
| 889 |
|
|
|w (DE-627)152596609X
|
| 935 |
|
|
|a mkri
|
| 951 |
|
|
|a AR
|
| ELC |
|
|
|b 1
|
| LOK |
|
|
|0 000 xxxxxcx a22 zn 4500
|
| LOK |
|
|
|0 001 2899454552
|
| LOK |
|
|
|0 003 DE-627
|
| LOK |
|
|
|0 004 1631163264
|
| LOK |
|
|
|0 005 20240802204435
|
| LOK |
|
|
|0 008 160208||||||||||||||||ger|||||||
|
| LOK |
|
|
|0 040
|a DE-21-110
|c DE-627
|d DE-21-110
|
| LOK |
|
|
|0 689
|a s
|a Kriminalitätstheorien
|
| LOK |
|
|
|0 689
|a s
|a Kriminalität
|
| LOK |
|
|
|0 689
|a s
|a Ursachen
|
| LOK |
|
|
|0 852
|z Kein Bestand am IfK; Nachweis für KrimDok
|
| LOK |
|
|
|0 852
|a DE-21-110
|
| LOK |
|
|
|0 852 1
|m v
|9 00
|
| LOK |
|
|
|0 935
|a k110
|
| LOK |
|
|
|0 938
|k v
|
| LOK |
|
|
|0 939
|a 08-02-16
|b l01
|
| ORI |
|
|
|a SA-MARC-krimdoka001.raw
|